|
|
|
|
| LEADER |
00000nam a2200000 a 4500 |
| 001 |
vtls001099154 |
| 003 |
SK-MaSNL |
| 005 |
20260302052035.0 |
| 008 |
250414s1982 xo 0 slo |
| 015 |
|
|
|a SNBA1982/09
|
| 035 |
|
|
|a SNK000041996
|
| 040 |
|
|
|a SNK
|b slo
|c SNK
|e AACR2
|
| 041 |
0 |
|
|a slo
|
| 044 |
|
|
|a xo
|c SK
|
| 080 |
|
|
|a 556(031)
|2 1981
|
| 100 |
1 |
|
|a Tölgyessy, Juraj,
|d 1931-2014
|4 aut
|9 212932
|
| 245 |
1 |
0 |
|a Voda nad zlato
|c Juraj Tölgyessy, Milan Piatrik ; obálka a väzba Ľubomír Longauer
|
| 250 |
|
|
|a 1. vydanie
|
| 260 |
|
|
|a Bratislava
|b Obzor,
|c 1982
|e Bratislava
|f Pravda
|
| 300 |
|
|
|a 496 s.
|b fotografie, mapy, schémy
|c 20 cm
|
| 366 |
|
|
|e 1000 výtl.
|
| 490 |
1 |
|
|a Malá moderná encyklopédia
|
| 500 |
|
|
|a Lit. 62. O autoroch. Pojmy, veličiny, jednotky. Spoluvyd. Socialistická akadémia SSR. Ilustr. na tit. liste. 62 zázn. lit. o knihách a čl. v jaz. slov., čes., angl. a maď.
|
| 650 |
0 |
7 |
|a hydrológia
|2 SNKPH
|9 853
|
| 650 |
0 |
7 |
|a ekosystémy
|2 SNKPH
|9 3902
|
| 655 |
|
7 |
|a encyklopédie
|2 SNKPH
|9 28776
|
| 700 |
1 |
|
|a Piatrik, Milan,
|d 1943-2017
|4 aut
|9 215091
|
| 700 |
1 |
|
|a Longauer, Ľubomír,
|d 1948-2025
|4 bkd
|9 111396
|
| 830 |
|
0 |
|a Malá moderná encyklopédia
|9 276679
|
| 852 |
|
|
|a Slovenská národná knižnica
|
| 954 |
|
|
|a voda
|a hydrológia
|
| 958 |
|
|
|a OND
|
| 958 |
|
|
|a NB
|
| 958 |
|
|
|a TL
|
| 999 |
|
|
|c 1103538
|d 1105468
|
| 952 |
|
|
|t P60, <04>, [BOOK], {604}
|a SNK
|b SNK
|y VYP
|7 0
|p 17A0175800
|o snkSC 56158/D1
|0 0
|1 0
|4 0
|d 1999-01-21
|l 0
|r 2004-12-31 00:00:00
|w 2026-02-24
|
| 952 |
|
|
|a SNK
|b SNK
|y PREZ
|7 0
|p 17A0881850
|o snkSC 56158
|0 0
|1 0
|4 0
|d 2012-08-13
|l 0
|r 2025-05-27 00:00:00
|w 2026-02-24
|